000 01293cab a2200301 4500
001 WB2710-35
008 090401t1991 xxu||||| |||| 00| 0 eng d
035 _a(Sirsi) u28192
041 _aeng
245 _aEstate agency bill
260 _c1991
350 _a0
490 _aHansard
_v186 (167) 1/3/91 1220-1268
490 _aTimes
_v4/3/91 p6
490 _aGuardian
_v4/2/91 p14
490 _aIndependent
_v4/3/91 p6
490 _aChartered Surveyor Weekly
_vvol 34 no 9 7/3/91 p8(28)
520 _aA Private members bill , the Estate Agents (Property Misdescriptions) Bill has passed its second reading unopposed. If it becomes law, estate agents giving misleading information on property would be liable to fines of up to £2000. The sale of property would be brought into line with the sale of goods under the Trades Description Act 1968 . RICS amendments to include commercial propoerty have been accepted by government. See also WB2707-30.
650 _aDUTY OF CARE
650 _aESTATE AGENTS ACT 1979
650 _aESTATE AGENTS OMBUDSMAN
650 _aNATIONAL ASSOCIATION OF ESTATE AGENTS
650 _aPROPERTY DESCRIPTIONS
650 _aSELF-REGULATION
690 _aMANAGEMENT-BUSINESS MANAGEMENT-PROFESSIONAL PRACTICE
942 _n0
948 _c04/03/1997
999 _c19009
_d19009